| 000 | 00838nem a2200217 i 4500 | ||
|---|---|---|---|
| 001 | 40218 | ||
| 003 | ES-MaACL | ||
| 005 | 20230906160151.0 | ||
| 007 | t| | ||
| 008 | 030305s1862 sp | |0|1||spa d | ||
| 110 | 2 |
_aEspaña. _bDirección General de Correos. _9160394 |
|
| 245 | 1 | 0 |
_aCarta de Correos y Postas de las Islas Baleares [ _hMaterial cartográfico] / _ctrazada por la Dirección General de Correos. |
| 255 | _aEscala [1:650.000]. | ||
| 260 |
_a[Madrid?] : _bDirección General de Correos, _c1862. |
||
| 300 |
_a1 map. col. ; _c54,5 x 69,5 cm, pleg. en 14 x 10,5 cm. |
||
| 501 | _aEn el plano tabla de signos convencionales de conducciones. | ||
| 597 | _aEscala expresada también en leguas de 20.000 pies. | ||
| 651 | 4 |
_aPostas- _zBaleares (Islas)- _vPlanos. _9200306 |
|
| 852 |
_aES-MaACL _jG-13391 |
||
| 999 |
_c40218 _d40218 |
||